Tous les films de la saga Les Gendarmes - Statistiques

Statistiques générales
  • Ce quiz a été pris 26 fois
  • Le résultat moyen est 5 sur 6
Statistiques - réponses
Saga Les Gendarmes % Correct
Le Gendarme se marie
96%
Le Gendarme et les extraterrestres
88%
Le Gendarme et les Gendarmettes
88%
Le Gendarme à New York
84%
Le Gendarme de Saint-Tropez
80%
Le Gendarme en balade
68%
Aucun quiz correspondant
Distribution des résultats
% des personnes avec chaque résultat
Percentile par nombre de réponses
Votre historique - résultats
Vous n’avez pas pris ce quiz